Klimt (Registo nº 64)

Detalhes MARC
000 -Etiqueta do registo
Cabeçalho 00686cam0a22002891i 4500
005 - Identificador da versão
Campo de controlo 20240821125842.0
010 ## - Número internacional normalizado dos livros (ISBN)
Número (ISBN) 3822872431
021 ## - Número do Depósito Legal
Código do país PT
035 ## - Other System Control Numbers
System Control Number 0000067
System Control Number 0000067
System Control Number 0000067
System Control Number 0000067
100 ## - Dados gerais de processamento
Dados gerais de processamento 20041102d1998 m e0pory5003 ba
101 1# - Língua de publicação
Língua do texto, banda sonora, etc. Português
Língua do documento no original Inglês
102 ## - Pais de publicação ou produção
País de publicação Portugal
105 ## - Campo de dados codificados: livros
Dados codificados dos livros a z 001yy
106 ## - Campo de dados codificados: material textual
Dados codificados do material textual r
200 1# - Titulo e menção de responsabilidade
Título próprio Klimt
Informação de outro título O Mundo de Aparência Feminina
Primeira menção de responsabilidade Gottfried Fliedl
Outras menções de responsabilidade trad. Casa das Línguas, Lda.
205 ## - Menção da edição
Menção da edição 1a ed.
210 ## - Publicação, Distribuição, etc. 
Lugar da edição, distribuição, etc. Lisboa
Nome do editor, distribuidor, etc. Taschen
Data da publicação, distribuição, etc. 1998
215 ## - Descrição física 
Indicação específica da natureza do documento e extensão da espécie 239 p.
Outras indicações físicas il.
Dimensões cm
675 ## - Classificação Decimal Universal (CDU)
Edição BN
Língua da edição por
700 #1 - Nome de autor-pessoa física (responsabilidade principal)
Número de registo de entrada de autoridade 0000167
Palavra de ordem Fliedl
Outra parte do nome não tomada para palavra de ordem Gottfried
942 ## - Elementos de entrada adicionados (Koha)
Tipo de item no Koha Livro
966 ## - Identificação da Biblioteca
Sigla NUMETECA
Exemplares
Situação do levantamento Origin of item (home branch) (coded) Biblioteca de empréstimo Código de barras Cota Circulation type (not for loan) Tipo de documento Nota do exemplar Damaged status
  Biblioteca Escolar Eng. Nuno Mergulhão Biblioteca Escolar Eng. Nuno Mergulhão BENM799 75PIN FLI   Livro Sem mensagem